Joseph und seine Brüder Ouvertüre : für Violine und Klavier /

Hlavní autor: Méhul, Etienne Nicolas, 1763-1817
Další autoři: Windsperger, Lothar, 1885-1935
Jazyk: Nelze použít, není lingvistický obsah
Vydáno: Mainz : Schott, [1918?]
Edice: Edition Schott Einzel-Ausgabe
Fyzický popis: 1 partitura (13 s.) + 1 hlas (5 s.)
Hudebniny Hudebniny
Uloženo v:
LEADER 00936ncm a22002292a 4500
001 000556569
003 CZ BrMZK
005 20130409131023.0
008 000105q1918 gw zxx d
040 |a BOA001  |b cze 
072 7 |a 787  |x Hudba pro strunné a smyčcové nástroje  |2 Konspekt  |9 9 
100 1 |a Méhul, Etienne Nicolas,  |d 1763-1817  |7 ola2002146849  |4 cmp 
245 1 0 |a Joseph und seine Brüder  |h [hudebnina] :  |b Ouvertüre : für Violine und Klavier /  |c Étienne Nicolas Méhul ; von L. Windsperger 
260 |a Mainz :  |b Schott,  |c [1918?] 
300 |a 1 partitura (13 s.) + 1 hlas (5 s.) 
490 1 |a Edition Schott Einzel-Ausgabe ;  |v 03441, 03442, 03443 
700 1 |a Windsperger, Lothar,  |d 1885-1935  |7 xx0025290  |4 adp 
830 0 |a Edition Schott Einzel-Ausgabe 
910 |a BOA001  |b Mus4-0275.762 
990 |a MU 
991 |b 201009 
996 6 |b 2619543986  |c Mus4-0275.762,1  |l MZK  |r Sklad / do 1 hodiny  |n 0  |w 000556569  |u 000010  |a 1  |e BOA001  |j MZK50  |s P